| 000 | 00983cam a2200289 a 4500 | ||
|---|---|---|---|
| 001 | 12728131 | ||
| 005 | 20260322052440.0 | ||
| 008 | 020402s2003 mauab 000 0 eng | ||
| 010 | _a 2002066495 | ||
| 020 | _a9780201770513 | ||
| 035 | _a12728131 | ||
| 040 |
_aDLC _cDLC _dDLC |
||
| 082 | _a338.9 TOD | ||
| 100 | 1 | _aTodaro, Michael P. | |
| 245 | 1 | 0 |
_aEconomic development / _cMichael P. Todaro and Stephen C. Smith. |
| 250 | _a8th ed. | ||
| 260 |
_aBoston : _bAddison Wesley, _c2003. |
||
| 300 |
_axxvii, 829 p. : _bill. ; _c24 cm. |
||
| 440 | 4 | _aThe Addison-Wesley series in economics | |
| 650 | 0 | _aEconomic development. | |
| 651 | 0 |
_aDeveloping countries _xEconomic policy. |
|
| 700 | 1 | _aSmith, Stephen C. | |
| 906 |
_a7 _bcbc _corignew _d1 _eocip _f20 _gy-gencatlg |
||
| 942 |
_2ddc _cBK |
||
| 999 |
_c20494 _d20494 |
||